Detalles MARC
| 000 -CABECERA |
| campo de control de longitud fija |
01585nam a22002897a 4500 |
| 001 - NÚMERO DE CONTROL |
| campo de control |
114411 |
| 003 - IDENTIFICADOR DEL NÚMERO DE CONTROL |
| campo de control |
DR-UNIBE |
| 005 - FECHA Y HORA DE LA ÚLTIMA TRANSACCIÓN |
| campo de control |
20260302122756.0 |
| 008 - DATOS DE LONGITUD FIJA--INFORMACIÓN GENERAL |
| campo de control de longitud fija |
260302b |||||||| |||| 00| 0 spa d |
| 040 ## - FUENTE DE LA CATALOGACIÓN |
| Centro catalogador/agencia de origen |
BIBLIOTECA UNIBE |
| Centro/agencia transcriptor |
BIBLIOTECA UNIBE |
| Lengua de catalogación |
spa |
| Normas de descripción |
rda |
| 041 ## - CÓDIGO DE LENGUA |
| Código de lengua del texto/banda sonora o título independiente |
spa |
| 082 ## - NÚMERO DE LA CLASIFICACIÓN DECIMAL DEWEY |
| Número de clasificación |
RD 358.4097293 F363h |
| 100 1# - ENTRADA PRINCIPAL--NOMBRE DE PERSONA |
| Nombre de persona |
Fernández Sméster, Federico Ismael, |
| Fechas asociadas al nombre |
1927- |
| Término indicativo de función/relación |
autor |
| 9 (RLIN) |
202838 |
| 245 10 - MENCIÓN DE TÍTULO |
| Título |
Historia de la aviación militar dominicana / |
| Mención de responsabilidad, etc. |
Federico Fernández Sméster |
| 250 ## - MENCIÓN DE EDICIÓN |
| Mención de edición |
Segunda edición |
| 260 ## - PUBLICACIÓN, DISTRIBUCIÓN, ETC. |
| Lugar de publicación, distribución, etc. |
Santo Domingo : |
| Nombre del editor, distribuidor, etc. |
Archivo General de la Nación, |
| Fecha de publicación, distribución, etc. |
2025 |
| 300 ## - DESCRIPCIÓN FÍSICA |
| Extensión |
586 páginas : |
| Otras características físicas |
fotografías (blanco y negro) |
| 490 ## - MENCIÓN DE SERIE |
| Mención de serie |
Archivo General de la Nación ; |
| Designación de volumen o secuencia |
550 |
| 520 3# - SUMARIO, ETC. |
| Sumario, etc. |
En Historia de la Aviación Militar Dominicana, Federico Fernández Sméster, paso a paso va creando una cronología hasta llegar a la génesis de la aviación militar dominicana, enfocándose en sus «precursores y antecedentes». Toca, además, otros aspectos de la Aviación Militar Dominicana, que nos permiten conocer a profundidad el papel histórico de esta institución aérea. |
| 650 #7 - PUNTO DE ACCESO ADICIONAL DE MATERIA--TÉRMINO DE MATERIA |
| Término de materia o nombre geográfico como elemento de entrada |
Ciencia militar |
| Subdivisión geográfica |
República Dominicana |
| 9 (RLIN) |
202845 |
| 650 #7 - PUNTO DE ACCESO ADICIONAL DE MATERIA--TÉRMINO DE MATERIA |
| Término de materia o nombre geográfico como elemento de entrada |
Fuerza aérea |
| Fuente del encabezamiento o término |
lemb |
| Subdivisión geográfica |
República Dominicana |
| 9 (RLIN) |
202846 |
| 650 #7 - PUNTO DE ACCESO ADICIONAL DE MATERIA--TÉRMINO DE MATERIA |
| Término de materia o nombre geográfico como elemento de entrada |
Aviación |
| Fuente del encabezamiento o término |
lemb |
| Subdivisión general |
Historia |
| Subdivisión geográfica |
República Dominicana |
| 9 (RLIN) |
202847 |
| 650 #7 - PUNTO DE ACCESO ADICIONAL DE MATERIA--TÉRMINO DE MATERIA |
| Término de materia o nombre geográfico como elemento de entrada |
Aviación militar |
| Fuente del encabezamiento o término |
lemb |
| Subdivisión general |
Historia |
| Subdivisión geográfica |
República Dominicana |
| 9 (RLIN) |
202848 |
| 700 ## - PUNTO DE ACCESO ADICIONAL--NOMBRE DE PERSONA |
| Nombre de persona |
Gerón, Cándido, |
| Fechas asociadas al nombre |
1950- |
| Forma completa/desarrollada del nombre |
(Araújo Gerón, Cándido) |
| 9 (RLIN) |
24252 |
| Término indicativo de función/relación |
prologuista, cuidado de edición |
| 700 ## - PUNTO DE ACCESO ADICIONAL--NOMBRE DE PERSONA |
| Nombre de persona |
Domínguez Novas, Juan Francisco |
| 9 (RLIN) |
127336 |
| Término indicativo de función/relación |
diagramador |
| 942 ## - ELEMENTOS DE PUNTO DE ACCESO ADICIONAL (KOHA) |
| Fuente del sistema de clasificación o colocación |
Sistema de Clasificación Decimal Dewey |
| Tipo de ítem Koha |
Libro (general) |